000 00634cam a22002413a 4500
001 442
003 PGUSA
005 20140828082948.0
008 960201s1996||||xxu|||||s|||||000 p eng d
040 _aPGUSA
_beng
042 _adc
050 4 _aPS
100 1 _aTeasdale, Sara,
_d1884-1933
245 1 0 _aLove Songs
_h[electronic resource] /
_cSara Teasdale
260 _bProject Gutenberg,
_c1996
506 _aPublic domain in the USA.
516 _aElectronic text
653 _aAmerican poetry
653 _aLyric poetry
830 0 _aProject Gutenberg
_v442
856 4 0 _uhttp://www.gutenberg.org/ebooks/442
942 _cEB
999 _c229793
_d229793